| 000 | 00530nam a22001817a 4500 | ||
|---|---|---|---|
| 999 |
_c195336 _d195336 |
||
| 005 | 20230403144012.0 | ||
| 010 | _aENG-136471 | ||
| 020 |
_a9788194705215 _c499.00 |
||
| 035 | _aEN-120003 | ||
| 037 | _bDBAD/PUB | ||
| 082 | _a881 | ||
| 100 | _aAnand Jernail Singh | ||
| 245 |
_aThe Metaphor is dead/ _cBy Jernail Singh Anand |
||
| 260 |
_aHaryana _bGlobal Fratervity of Poets _c2020 |
||
| 270 |
_aH-23/16, DLF Phase-1, Gurugram _bHaryana _e122002 |
||
| 300 |
_a168p. _c22cm(pbk) |
||
| 942 |
_2ddc _cEN _h881 _mANA |
||